Lucian / (Record no. 22391)
[ view plain ]
| 000 -LEADER | |
|---|---|
| fixed length control field | 01380nam a2200421 4500 |
| 001 - CONTROL NUMBER | |
| control field | 22391 |
| 003 - CONTROL NUMBER IDENTIFIER | |
| rucl marc code | BD-RjUL |
| 005 - DATE AND TIME OF LATEST TRANSACTION | |
| control field | 20211209000812.0 |
| 008 - FIXED-LENGTH DATA ELEMENTS--GENERAL INFORMATION | |
| fixed length control field | 140308r19471921enk 001 0 grc d |
| 020 ## - INTERNATIONAL STANDARD BOOK NUMBER | |
| International Standard Book Number | 0674990609 (v.2) |
| International Standard Book Number | 0674991443 (v.3) |
| International Standard Book Number | 0674991796 (v.4) |
| International Standard Book Number | 0674993330 (U.S.) (v.5) |
| International Standard Book Number | 0434993026 (U.K.) (v.5) |
| International Standard Book Number | 0674994744 (v.6) |
| International Standard Book Number | 0674994752 (v.7) |
| International Standard Book Number | 0674994760 (v.8) |
| 035 ## - SYSTEM CONTROL NUMBER | |
| System control number | oxf98311463 |
| System control number | (BD-RjUL)22456 |
| 040 ## - CATALOGING SOURCE | |
| Original cataloging agency | WSU |
| Modifying agency | OCL |
| -- | EQO |
| -- | BD-RjUL |
| Language of cataloging | eng |
| Transcribing agency | BD-RjUL |
| 041 0# - LANGUAGE CODE | |
| Language code of text/sound track or separate title | grc |
| -- | eng |
| Language code of original | grc |
| 082 04 - DEWEY DECIMAL CLASSIFICATION NUMBER | |
| Classification number | 808.06 |
| Author mark and year | LUC 1947 |
| 090 ## - LOCALLY ASSIGNED LC-TYPE CALL NUMBER (OCLC); LOCAL CALL NUMBER (OCLC) | |
| Classification number (OCLC) (R) ; Classification number, CALL (RLIN) (NR) | PA3612 |
| Local cutter number (OCLC) ; Book number/undivided call number, CALL (RLIN) | .L7 1913a |
| 100 0# - MAIN ENTRY--PERSONAL NAME | |
| Personal name | Lucian, |
| 9 (RLIN) | 69133 |
| 245 10 - TITLE STATEMENT | |
| Title | Lucian / |
| Statement of responsibility, etc. | with and English translation by A. M. Harmon |
| 260 ## - PUBLICATION, DISTRIBUTION, ETC. (IMPRINT) | |
| Place of publication, distribution, etc. | London ; |
| Name of publisher, distributor, etc. | Heinemann ; |
| Place of publication, distribution, etc. | Cambridge, Mass : |
| Name of publisher, distributor, etc. | Harvard University Press, |
| Date of publication, distribution, etc. | 1921 [reprited 1947, 1953]. |
| 300 ## - PHYSICAL DESCRIPTION | |
| Pagination | V ; |
| Size | 18 cm. |
| 500 ## - GENERAL NOTE | |
| General note | v. 6 translated by K. Kilburn ; v.7-8 translated by M.D. McLeod |
| 504 ## - BIBLIOGRAPHY, ETC. NOTE | |
| Bibliography, etc | includes index. |
| 505 01 - FORMATTED CONTENTS NOTE | |
| Formatted contents note | v. 1 -- v. 2 -- v. 3 -- v.4 -- |
| 650 1# - SUBJECT ADDED ENTRY--TOPICAL TERM | |
| Topical term or geographic name as entry element | Lucian, -- of Samosata -- Translations into English. |
| 9 (RLIN) | 69134 |
| 700 1# - ADDED ENTRY--PERSONAL NAME | |
| Personal name | Harmon, A. M. |
| Fuller form of name | (Austin Morris) |
| Personal name | Kilburn, K. |
| Personal name | Macleod, M. D. |
| 830 #0 - SERIES ADDED ENTRY--UNIFORM TITLE | |
| Uniform title | Loeb classical library. |
| 942 ## - ADDED ENTRY ELEMENTS (KOHA) | |
| Source of classification or shelving scheme | Dewey Decimal Classification |
| Koha item type | Books |
| Lost status | Source of classification or shelving scheme | Damaged status | Not for loan | Collection code | Permanent Location | Current Location | Shelving location | Date acquired | Source of acquisition | Cost, normal purchase price | Total Checkouts | Full call number | Date last seen | Copy number | Koha item type |
|---|---|---|---|---|---|---|---|---|---|---|---|---|---|---|---|
| Dewey Decimal Classification | Not For Loan | Non-fiction | Central Library, University of Rajshahi | Central Library, University of Rajshahi | Reading Room | 10/03/1955 | simpkin marshall | 15.00 | 808.06 LUC V-3 1947 | 08/03/2014 | C-1 | Books | |||
| Dewey Decimal Classification | Not For Loan | Non-fiction | Central Library, University of Rajshahi | Central Library, University of Rajshahi | Reading Room | 09/03/1955 | 15.00 | 808.06 LUC V-1 1953 | 29/01/2020 | C-1 | Books | ||||
| Dewey Decimal Classification | Not For Loan | Non-fiction | Central Library, University of Rajshahi | Central Library, University of Rajshahi | Reading Room | 09/03/1955 | 15.00 | 808.06 LUC V-2 1953 | 29/01/2020 | C-1 | Books | ||||
| Dewey Decimal Classification | Not For Loan | Non-fiction | Central Library, University of Rajshahi | Central Library, University of Rajshahi | Reading Room | 09/03/1955 | 15.00 | 808.06 LUC V-4 1953 | 29/01/2020 | C-1 | Books |